|
|
|
|
| LEADER |
00000naa2a2200000 4500 |
| 001 |
74328 |
| 005 |
20231227124842.0 |
| 035 |
|
|
|a (RuTPU)RU\TPU\book\79267
|
| 090 |
|
|
|a 74328
|
| 100 |
|
|
|a 20050302d2000 k y0rusy50 ca
|
| 101 |
0 |
|
|a rus
|
| 102 |
|
|
|a RU
|
| 200 |
1 |
|
|a Электронное учебное пособие по материаловедению
|f Г. Б. Бжицкая , Ю. П. Егоров, И. А. Хворова
|
| 463 |
|
1 |
|0 (RuTPU)RU\TPU\book\14603
|t Проблемы и практика инженерного образования. Высшее техническое образование: Качество и интернационализация
|o труды IV Международной научно-практической конференции, 14-17 марта 2000 г., г. Томск
|f Томский политехнический университет
|v С. 50-51
|d 2000
|p 190 с.
|
| 610 |
1 |
|
|a материаловедение
|
| 610 |
1 |
|
|a учебные пособия
|
| 610 |
1 |
|
|a электронные учебные пособия
|
| 610 |
1 |
|
|a изучение курса
|
| 610 |
1 |
|
|a студенты
|
| 610 |
1 |
|
|a труды учёных ТПУ
|
| 700 |
|
1 |
|a Бжицкая
|b Г. Б.
|
| 701 |
|
1 |
|a Егоров
|b Ю. П.
|c специалист в области машиностроения
|c заведующий лабораторией Томского политехнического университета, кандидат технических наук
|f 1948-
|g Юрий Петрович
|3 (RuTPU)RU\TPU\pers\26535
|9 12229
|
| 701 |
|
1 |
|a Хворова
|b И. А.
|c специалист в области материаловедения
|c старший преподаватель Томского политехнического университета
|f 1954-
|g Ирина Александровна
|3 (RuTPU)RU\TPU\pers\26641
|9 12299
|
| 801 |
|
1 |
|a RU
|b 63413507
|c 20050302
|g PSBO
|
| 801 |
|
2 |
|a RU
|b 63413507
|c 20150629
|g PSBO
|
| 942 |
|
|
|c BK
|